000 00427nam a2200181Ia 4500
008 210210b1951 xxu||||| |||| 00| 0 eng d
041 _aeng
082 _a535/159
100 _aVASUDEVA (D N)
245 _aFundamentals of magnetism and electricity
260 _aDelhi
_b-
_c1951
300 _a418
650 _amagnetism
650 _aFundamentals
650 _aelectricity
690 _aElectricity
906 _a008777
999 _c127497
_d127497